Acceso a la justicia para mujeres vc̕timas de violencia sexual Cuarto Informe de Seguimiento al Auto 092 de la Corte Constitucional /

Detalles Bibliográficos
Autor principal: Guarnizo Peralta, Diana
Formato: eBook
Lenguaje:español
Publicado: Bogot:̀ Comisin̤ Colombiana de Juristas, 2011
Materias:
Acceso en línea:Acceso restringido

MARC

LEADER 00000nam a22000007a 4500
005 20200311231820.0
007 cr|||| ||||
008 200311s2011 co |||||s|||| 00||0 spa d
020 |a 978-958-9348-50-5 
035 |a 31143 
040 |a vLex 
090 |c 10237  |d 10237 
100 1 |a Guarnizo Peralta, Diana 
245 1 0 |a Acceso a la justicia para mujeres vc̕timas de violencia sexual  |h [Recurso electrn̤ico] :  |b Cuarto Informe de Seguimiento al Auto 092 de la Corte Constitucional /  |c Diana Guarnizo Peralta 
256 |a Servicio en ln̕ea 
260 |a Bogot:̀  |b Comisin̤ Colombiana de Juristas,  |c 2011 
300 |a 1 recurso electrn̤ico 
506 1 |a Disponible solo en los productos indicados  |d vLex Global  |d vLex Global (Academic Edition, excluding Law Schools)  |d vLex Global (U.S. Academic Edition, Law Schools)  |d vLex Global (U.S. Academic Edition, excluding Law Schools)  |d vLex Global (Academic Edition, Law Schools) 
650 0 4 |a Derecho Constitucional  |z Colombia 
740 0 |a vLex Libros (Servicio en ln̕ea) 
856 4 0 |u http://vlex.com/source/acceso-justicia-mujeres-victimas-violencia-sexual-cuarto-informe-seguimiento-auto-092-corte-constitucional-31143  |z Acceso restringido 
942 |c BOOK 
999 0 |a Constitutional right